| 000 | 01248nam1a2200289 i 4500 | ||
|---|---|---|---|
| 001 | RU\NLR\bibl\321408 | ||
| 005 | 20240919163629.0 | ||
| 035 | _a(NLR Aleph) 000316449 | ||
| 090 |
_a69888 _c69888 |
||
| 100 | _a20021017g20029999u y0rusy50 ca | ||
| 101 | 0 | _arus | |
| 102 | _aRU | ||
| 105 | _a||||z ||||| | ||
| 200 | 1 |
_aАнализ налоговых ошибок _eУчеб. пособие _fА.И. Кочетков _gМоск. открытый соц. ун-т |
|
| 210 |
_aМ. _cДело и Сервис _d2002 |
||
| 215 | _d22 | ||
| 300 | _aНа обороте тит. л. авт.: Кочетков А.И., к.э.н., проф. | ||
| 463 | 0 | _1001313337 | |
| 606 | 0 |
_aНалоговое обложение _jРуководства, пособия и т.п. для высшей школы _xОшибки _92173361 _3RU\NLR\auth\661307242 |
|
| 606 | 0 |
_aНалоговое обложение _jУчебные издания для высшей школы _xОшибки _92173361 _3RU\NLR\auth\661307242 |
|
| 686 | _aУ26(2)141.3я73 | ||
| 700 | 1 |
_aКочетков _bА. И. _gАнатолий Иванович _4070 |
|
| 801 | 0 |
_aRU _bNLR _c20021017 _gPSBO |
|
| 801 | 1 |
_aRU _bNLR _c20021017 |
|
| 852 |
_aNLR _j2002-5/5529 |
||
| 942 | _cBOOK | ||